=LDR 00000nam 2200000 4500 =001 INLIS000000000025105 =005 20130612123635 =008 ***********************************Ind** =035 ##$$0010-061300000025105 =041 ##$$a Ind =082 ##$$a 923.6 =090 ##$$a 923.6, Rab k =100 ##$$a Rabbah, Riyanto =245 ##$$a Kekuasaan untuk rakyat, Riyanto Rabbah =260 ##$$a 2005 $b Mataram =300 ##$$a 212 hlm, ilus, 22 cm =650 ##$$a Rakyat - Kekuasaan =850 ##$$a NBPNMAT